| 000 | 00389nam a22001577a 4500 | ||
|---|---|---|---|
| 020 | _a9788126541287 | ||
| 040 | _cNUST | ||
| 082 |
_a620.106 _bFOX |
||
| 100 |
_aFox, Mcdonald _9114504 |
||
| 110 |
_aPhilip j. Pritchard _9124381 |
||
| 245 | _aFluid Mechanics | ||
| 250 | _aEighth Edition, | ||
| 260 |
_aIndia: _bJohn Wiley & Sons, _c2014. |
||
| 650 | _aFluid Mechanics | ||
| 942 |
_2ddc _cBK |
||
| 999 |
_c610259 _d610259 |
||